=LDR 00000nam 2200000 4500 =001 INLIS000000000019588 =005 20180203103030 =035 ##$$a 0010-061300000019588 =008 180203###########################0###### =041 ##$$a Ind =082 ##$$a 153.9 =090 ##$$a 153.9, Rak m =100 ##$$a Rachman, Eileen =245 1#$$a Mengoptimalkan kecerdesan anak dengan mengasah IQ dan EQ, Eilen Rachman /$c Eileen Rachman =260 ##$$a Jakarta :$b Gramedia Pustaka Utama,$c 2005 =300 ##$$a 75 hlm : $b Ilus ; $c 21 cm =650 ##$$a Kecerdasan =850 ##$$a NBPNMAT =020 ##$$a 979-22-1203-5 =084 ##$$a 153.9 Rac m =990 ##$$a 26822682 =990 ##$$a 20608861